[Event "37. Copenhagen Open (Politiken Cup)"]
[Site "Elsinore"]
[Date "2015.07.26"]
[Round "2"]
[White "Rakhmanov, Alexander"]
[Black "Lien, Kjell Hakon"]
[Result "1-0"]
[WhiteElo "2626"]
[BlackElo "2133"]
[PlyCount "41"]
[EventDate "2015.07.25"]
[EventType "swiss"]
[EventRounds "10"]
[EventCountry "DEN"]
[Source "ChessBase"]
[SourceDate "2015.09.14"]

1. c4 Nf6 2. Nc3 e5 3. Nf3 Nc6 4. d4 exd4 5. Nxd4 Bb4 6. Bg5 h6 7. Bh4 g5 8.
Bg3 Ne4 9. Rc1 Qf6 10. e3 Bxc3+ 11. bxc3 d6 12. Nb5 Qe7 13. c5 Nxc5 14. Nxd6+
cxd6 15. Bxd6 Qe6 16. Bxc5 Qxa2 17. Bb5 Bd7 18. O-O a6 19. Bxc6 Bxc6 20. Qd4
Rg8 21. c4 1-0

[Event "37. Copenhagen Open (Politiken Cup)"]
[Site "Elsinore"]
[Date "2015.07.26"]
[Round "2"]
[White "Ranaldi, Lucas"]
[Black "Neu, Alexandre"]
[Result "1/2-1/2"]
[WhiteElo "2142"]
[BlackElo "1741"]
[PlyCount "42"]
[EventDate "2015.07.25"]
[EventType "swiss"]
[EventRounds "10"]
[EventCountry "DEN"]
[Source "ChessBase"]
[SourceDate "2015.09.14"]

1. d4 Nf6 2. Bg5 e6 3. e4 h6 4. Bxf6 Qxf6 5. c3 b6 6. Bd3 Bb7 7. Nd2 d6 8. Ne2
Nd7 9. O-O g5 10. Ng3 h5 11. Nxh5 Qh6 12. g4 Nf6 13. Nxf6+ Qxf6 14. Qe2 Qf4 15.
f3 O-O-O 16. a4 a5 17. Rab1 Bg7 18. Rf2 Rh3 19. Nf1 Rdh8 20. Ng3 Qxg3+ 21. Kh1
Qf4 1/2-1/2

[Event "37. Copenhagen Open (Politiken Cup)"]
[Site "Elsinore"]
[Date "2015.07.26"]
[Round "2"]
[White "Rasdal, Yngve"]
[Black "Shehzad, Alisha"]
[Result "1-0"]
[WhiteElo "1790"]
[BlackElo "1266"]
[PlyCount "105"]
[EventDate "2015.07.25"]
[EventType "swiss"]
[EventRounds "10"]
[EventCountry "DEN"]
[Source "ChessBase"]
[SourceDate "2015.09.14"]

1. d4 Nf6 2. Nf3 d5 3. e3 Bg4 4. Bd3 e6 5. O-O Bd6 6. b3 O-O 7. Bb2 Nc6 8. Be2
Bxf3 9. Bxf3 Re8 10. c4 Be7 11. Nd2 a6 12. Rc1 Na7 13. e4 dxe4 14. Nxe4 Nxe4
15. Bxe4 Rb8 16. Qc2 h6 17. Rfd1 Bf6 18. Rd3 Qe7 19. h3 Red8 20. Rcd1 Nc6 21.
a3 Rd7 22. d5 exd5 23. Bxd5 Bxb2 24. Qxb2 Rbd8 25. Re3 Qf8 26. Rde1 Rd6 27. b4
b6 28. Qc3 Na7 29. Re7 R6d7 30. Bxf7+ Kh8 31. Rxd7 Rxd7 32. Re8 Rxf7 33. Rxf8+
Rxf8 34. Qe5 Rc8 35. Qd5 c6 36. Qd7 Ra8 37. Qb7 Rd8 38. Qxa7 Rd1+ 39. Kh2 Ra1
40. Qxa6 Ra2 41. Qxb6 Rxa3 42. Qxc6 Ra2 43. f3 Rb2 44. b5 Rb4 45. b6 Rb2 46. b7
Rxb7 47. Qxb7 Kh7 48. c5 Kg6 49. c6 Kg5 50. c7 h5 51. c8=Q g6 52. Qd5+ Kf6 53.
Qf8# 1-0

[Event "37. Copenhagen Open (Politiken Cup)"]
[Site "Elsinore"]
[Date "2015.07.26"]
[Round "2"]
[White "Rasmussen, Allan Stig"]
[Black "Bjerre, Jonas Buhl"]
[Result "1-0"]
[WhiteElo "2502"]
[BlackElo "2083"]
[PlyCount "69"]
[EventDate "2015.07.25"]
[EventType "swiss"]
[EventRounds "10"]
[EventCountry "DEN"]
[Source "ChessBase"]
[SourceDate "2015.09.14"]

1. Nf3 d5 2. d4 Nf6 3. c4 dxc4 4. e3 e6 5. Bxc4 c5 6. O-O a6 7. Nc3 b5 8. Be2
Bb7 9. dxc5 Qxd1 10. Rxd1 Bxc5 11. Nd4 Nbd7 12. Nb3 Bb6 13. a4 b4 14. a5 Ba7
15. Na2 Bd5 16. Nd4 Bc5 17. Bd2 e5 18. Nf3 Bxa2 19. Rxa2 Ke7 20. Ra4 Rhb8 21.
Rc1 Ne4 22. Be1 f6 23. Bd3 Nd6 24. Nd2 b3 25. Ne4 Rc8 26. Kf1 g6 27. Nd2 Rcb8
28. Rh4 Bb4 29. Rxh7+ Ke6 30. Rc7 Nc5 31. e4 f5 32. Rce7+ Kf6 33. f4 Ncxe4 34.
Bh4+ g5 35. fxe5+ 1-0

[Event "37. Copenhagen Open (Politiken Cup)"]
[Site "Elsinore"]
[Date "2015.07.26"]
[Round "2"]
[White "Rasmussen, Lars"]
[Black "Olsen, Aage Dalstrup"]
[Result "1-0"]
[WhiteElo "1953"]
[BlackElo "1735"]
[PlyCount "111"]
[EventDate "2015.07.25"]
[EventType "swiss"]
[EventRounds "10"]
[EventCountry "DEN"]
[Source "ChessBase"]
[SourceDate "2015.09.14"]

1. e4 e5 2. Nf3 Nc6 3. Nc3 Bc5 4. Nxe5 Bxf2+ 5. Kxf2 Nxe5 6. d4 Ng6 7. Be2 c6
8. Rf1 N8e7 9. Kg1 O-O 10. Bg5 f6 11. Bd2 Qb6 12. Bc1 d6 13. Kh1 Bd7 14. Bc4+
Kh8 15. Bb3 Rad8 16. Be3 Qc7 17. Qf3 f5 18. Bg5 fxe4 19. Qxe4 Bf5 20. Qe3 Rde8
21. Rae1 d5 22. Qd2 Qd7 23. Ne2 Ng8 24. Ng3 h6 25. Be3 Be6 26. c3 Rxf1+ 27.
Rxf1 Rf8 28. Rxf8 Nxf8 29. Bc2 Qf7 30. Kg1 h5 31. Ne2 Bf5 32. Bd1 Nf6 33. Ng3
Bg6 34. Qf2 Qe6 35. Nxh5 N8d7 36. Nf4 Qf7 37. Nxg6+ Qxg6 38. Bc2 Ne4 39. Qh4+
Kg8 40. Bxe4 dxe4 41. Qd8+ Nf8 42. d5 Qg4 43. dxc6 bxc6 44. Bc5 Kh7 45. Qxf8
Qd1+ 46. Qf1 Qd2 47. Qf5+ g6 48. Qxe4 Qd1+ 49. Kf2 Qd2+ 50. Qe2 Qf4+ 51. Kg1
Qc1+ 52. Kf2 Qf4+ 53. Kg1 Qc1+ 54. Qf1 Qxb2 55. Qf7+ Kh6 56. Be3+ 1-0

[Event "37. Copenhagen Open (Politiken Cup)"]
[Site "Elsinore"]
[Date "2015.07.26"]
[Round "2"]
[White "Rasmussen, Morten Fredsgaard"]
[Black "Kristoffersen, Haakon"]
[Result "1-0"]
[WhiteElo "1932"]
[BlackElo "1692"]
[PlyCount "49"]
[EventDate "2015.07.25"]
[EventType "swiss"]
[EventRounds "10"]
[EventCountry "DEN"]
[Source "ChessBase"]
[SourceDate "2015.09.14"]

1. f4 d5 2. Nf3 Nf6 3. e3 g6 4. b3 Bg7 5. Bb2 O-O 6. Bd3 Nc6 7. O-O e6 8. Qe1
b6 9. Nc3 Bb7 10. Ne2 Nb4 11. Ne5 Nxd3 12. cxd3 Re8 13. Nd4 c5 14. Ndf3 Nd7 15.
Qg3 Qc7 16. Rac1 Ba6 17. Ne1 Nxe5 18. Bxe5 Bxe5 19. fxe5 Qe7 20. Rf6 Rac8 21.
Qh4 Qd8 22. Nf3 Kg7 23. Ng5 Rh8 24. Rxf7+ Kg8 25. Rxh7 1-0

[Event "37. Copenhagen Open (Politiken Cup)"]
[Site "Elsinore"]
[Date "2015.07.26"]
[Round "2"]
[White "Risting, Eivind Olav"]
[Black "Machlik, Jon"]
[Result "1-0"]
[WhiteElo "2190"]
[BlackElo "1973"]
[PlyCount "69"]
[EventDate "2015.07.25"]
[EventType "swiss"]
[EventRounds "10"]
[EventCountry "DEN"]
[Source "ChessBase"]
[SourceDate "2015.09.14"]

1. d4 d6 2. e4 f5 3. Bg5 fxe4 4. Nc3 d5 5. f3 exf3 6. Qxf3 c6 7. Bd3 g6 8. h4
Nf6 9. Bxf6 exf6 10. h5 g5 11. O-O-O Be7 12. Nge2 Bd6 13. Ng3 Bxg3 14. Qxg3 O-O
15. Rde1 f5 16. Re5 h6 17. Qe1 f4 18. Re6 Bxe6 19. Qxe6+ Rf7 20. Bg6 Qe7 21.
Bxf7+ Qxf7 22. Qc8+ Kg7 23. Re1 Qd7 24. Qxd7+ Nxd7 25. Re7+ Kf6 26. Rxd7 Re8
27. Kd2 g4 28. Rh7 Kg5 29. Rf7 b5 30. b4 a6 31. Ne2 Re4 32. c3 Kxh5 33. Nxf4+
Kh4 34. Ne2 Re6 35. Rf5 1-0

[Event "37. Copenhagen Open (Politiken Cup)"]
[Site "Elsinore"]
[Date "2015.07.26"]
[Round "2"]
[White "Roe, Simon J"]
[Black "Bjorneboe, Kristian"]
[Result "0-1"]
[WhiteElo "2240"]
[BlackElo "2015"]
[PlyCount "72"]
[EventDate "2015.07.25"]
[EventType "swiss"]
[EventRounds "10"]
[EventCountry "DEN"]
[Source "ChessBase"]
[SourceDate "2015.09.14"]

1. e4 c6 2. c4 d5 3. exd5 cxd5 4. cxd5 Nf6 5. Nc3 Nxd5 6. Nf3 Nc6 7. Bb5 Nxc3
8. bxc3 Bd7 9. O-O e6 10. d4 Be7 11. Re1 O-O 12. Bd3 Rc8 13. Rb1 Qc7 14. Bd2
Rfe8 15. Qe2 g6 16. Qe4 f5 17. Qe3 Bf6 18. Qh6 Bg7 19. Qh4 Nd8 20. Ne5 Bc6 21.
Nxc6 Nxc6 22. Rbc1 Kh8 23. Bc4 e5 24. d5 Ne7 25. Bb3 f4 26. c4 Nf5 27. Qh3 b6
28. Ba4 Red8 29. Qa3 Bf8 30. Qb2 Bg7 31. Bc3 Qxc4 32. Bb3 Qc7 33. Bxe5 Bxe5 34.
Rxc7 Bxb2 35. d6 Nxd6 36. Rxa7 Nf5 0-1

[Event "37. Copenhagen Open (Politiken Cup)"]
[Site "Elsinore"]
[Date "2015.07.26"]
[Round "2"]
[White "Rolvag, Birk Anders"]
[Black "Andersen, Morten"]
[Result "1/2-1/2"]
[WhiteElo "1970"]
[BlackElo "2174"]
[PlyCount "39"]
[EventDate "2015.07.25"]
[EventType "swiss"]
[EventRounds "10"]
[EventCountry "DEN"]
[Source "ChessBase"]
[SourceDate "2015.09.14"]

1. e4 c5 2. Nc3 d6 3. g3 g6 4. Bg2 Nc6 5. Nge2 Bg7 6. d3 e5 7. O-O Nge7 8. f4
O-O 9. h3 Rb8 10. g4 f5 11. gxf5 gxf5 12. Ng3 Nd4 13. Nce2 Be6 14. c3 Nxe2+ 15.
Qxe2 Qd7 16. Kh2 exf4 17. Bxf4 Ng6 18. exf5 Bxf5 19. Be3 Be6 20. Rxf8+ 1/2-1/2

[Event "37. Copenhagen Open (Politiken Cup)"]
[Site "Elsinore"]
[Date "2015.07.26"]
[Round "2"]
[White "Rolvag, Mikael"]
[Black "Hansen, John Laurids"]
[Result "1-0"]
[WhiteElo "2193"]
[BlackElo "1986"]
[PlyCount "63"]
[EventDate "2015.07.25"]
[EventType "swiss"]
[EventRounds "10"]
[EventCountry "DEN"]
[Source "ChessBase"]
[SourceDate "2015.09.14"]

1. d4 Nf6 2. c4 d6 3. Nf3 g6 4. Nc3 Bg7 5. e4 Nbd7 6. Be2 O-O 7. O-O e5 8. Re1
Re8 9. Bf1 exd4 10. Nxd4 Nc5 11. f3 Nh5 12. Be3 Ne6 13. Nxe6 Bxe6 14. Qd2 Qd7
15. Rad1 Qc6 16. Nd5 b6 17. Bg5 f6 18. Be3 f5 19. exf5 gxf5 20. Bf2 Qd7 21. Qg5
Bxd5 22. cxd5 Nf6 23. Bd3 Rxe1+ 24. Rxe1 Re8 25. Bxf5 Rxe1+ 26. Bxe1 Qa4 27.
Bc3 h6 28. Qg6 Qe8 29. Be6+ Kf8 30. Qf5 Qh5 31. Bxf6 Qxf5 32. Bxg7+ 1-0

[Event "37. Copenhagen Open (Politiken Cup)"]
[Site "Elsinore"]
[Date "2015.07.26"]
[Round "2"]
[White "Rosell, Sven"]
[Black "Rosenkilde, Alexander"]
[Result "0-1"]
[WhiteElo "1995"]
[BlackElo "2225"]
[PlyCount "104"]
[EventDate "2015.07.25"]
[EventType "swiss"]
[EventRounds "10"]
[EventCountry "DEN"]
[Source "ChessBase"]
[SourceDate "2015.09.14"]

1. c4 e5 2. Nc3 d6 3. Nf3 f5 4. d4 e4 5. Bg5 Nf6 6. Nd2 Be7 7. e3 c6 8. Be2 O-O
9. Qb3 Kh8 10. O-O Na6 11. f3 exf3 12. gxf3 Nh5 13. f4 Bxg5 14. Bxh5 Bf6 15.
Rae1 Rb8 16. Kh1 Be6 17. Qa4 Qc8 18. Rc1 g6 19. Bf3 Re8 20. Bg2 Bd7 21. Rfe1
Bh4 22. Re2 b5 23. cxb5 cxb5 24. Qd1 Qd8 25. Nf3 Bf6 26. Nd5 Be6 27. Nxf6 Qxf6
28. d5 Bd7 29. Nd4 Rb7 30. Qd2 b4 31. Nb3 Bb5 32. Ree1 Ree7 33. Qd4 Kg7 34.
Qxf6+ Kxf6 35. Nd4 Nc5 36. Nxb5 Rxb5 37. Bf1 Rb8 38. Kg2 h6 39. Kf3 g5 40. Rc4
a5 41. Rd4 Rc8 42. Bb5 g4+ 43. Kg2 Rb8 44. Bc6 h5 45. Kf2 h4 46. Rg1 Rg8 47.
Ke2 Ne4 48. Bb5 g3 49. hxg3 Reg7 50. Bd3 Nxg3+ 51. Kf3 h3 52. Rc4 h2 0-1

[Event "37. Copenhagen Open (Politiken Cup)"]
[Site "Elsinore"]
[Date "2015.07.26"]
[Round "2"]
[White "Rydstrom, Tom"]
[Black "Alquist, Erik"]
[Result "0-1"]
[WhiteElo "2346"]
[BlackElo "2061"]
[PlyCount "100"]
[EventDate "2015.07.25"]
[EventType "swiss"]
[EventRounds "10"]
[EventCountry "DEN"]
[Source "ChessBase"]
[SourceDate "2015.09.14"]

1. e4 c5 2. Nf3 e6 3. d4 cxd4 4. Nxd4 Nc6 5. Nb5 d6 6. Bf4 e5 7. Be3 Be6 8.
N1c3 a6 9. Na3 Nf6 10. Bg5 Be7 11. Nc4 Nd4 12. Ne3 Rc8 13. Bd3 Nd7 14. Bxe7
Qxe7 15. O-O O-O 16. a4 Qg5 17. Ncd5 Nc5 18. Nb6 Rcd8 19. a5 g6 20. b4 Nxd3 21.
Qxd3 f5 22. f3 fxe4 23. fxe4 Qh5 24. Ned5 Ne2+ 25. Kh1 Kg7 26. c3 Bg4 27. Nc4
Nf4 28. Nxf4 exf4 29. Qd4+ Kh6 30. Nxd6 f3 31. Qe3+ Kg7 32. e5 fxg2+ 33. Kxg2
Be6 34. c4 Qg4+ 35. Qg3 Qe2+ 36. Rf2 Rxf2+ 37. Qxf2 Qxe5 38. Nxb7 Qe4+ 39. Kg1
Qxb7 40. Rf1 Bf5 41. Qg3 Qe4 42. b5 Qd4+ 43. Rf2 Re8 44. Qc7+ Kg8 45. Qf4 Re4
46. Qb8+ Kg7 47. Qc7+ Kh6 48. h3 Re1+ 49. Kg2 Be4+ 50. Kg3 Qe3+ 0-1

[Event "37. Copenhagen Open (Politiken Cup)"]
[Site "Elsinore"]
[Date "2015.07.26"]
[Round "2"]
[White "Sateren, Erlend"]
[Black "Wiberg, Jonas"]
[Result "1-0"]
[WhiteElo "1400"]
[BlackElo "1805"]
[PlyCount "71"]
[EventDate "2015.07.25"]
[EventType "swiss"]
[EventRounds "10"]
[EventCountry "DEN"]
[Source "ChessBase"]
[SourceDate "2015.09.14"]

1. e4 c6 2. Nf3 d5 3. exd5 cxd5 4. d4 Nc6 5. Bf4 Bg4 6. c3 Nf6 7. Nbd2 g6 8. h3
Bf5 9. g4 Bc8 10. Qe2 e6 11. Ne5 Bg7 12. h4 Qe7 13. Bg3 Nd7 14. f4 Ndxe5 15.
fxe5 h5 16. O-O-O Bh6 17. g5 Bf8 18. Nb3 Qc7 19. Kb1 a6 20. c4 Ne7 21. Rc1 Qd8
22. Bg2 Nf5 23. Bf2 Rb8 24. cxd5 exd5 25. e6 Bxe6 26. Nc5 Bxc5 27. Rxc5 O-O 28.
Qe5 Ne7 29. Bg3 Rc8 30. Rhc1 Rxc5 31. Rxc5 Nc6 32. Qe3 Re8 33. Qf2 Bf5+ 34. Ka1
Be4 35. Bxe4 Rxe4 36. a3 1-0

[Event "37. Copenhagen Open (Politiken Cup)"]
[Site "Elsinore"]
[Date "2015.07.26"]
[Round "2"]
[White "Schjolin, John"]
[Black "Sorensen, John K"]
[Result "0-1"]
[WhiteElo "1276"]
[BlackElo "1792"]
[PlyCount "48"]
[EventDate "2015.07.25"]
[EventType "swiss"]
[EventRounds "10"]
[EventCountry "DEN"]
[Source "ChessBase"]
[SourceDate "2015.09.14"]

1. d4 f5 2. c4 Nf6 3. Bf4 e6 4. Nc3 Be7 5. Nf3 O-O 6. g3 d6 7. Bg2 Qe8 8. O-O
Nbd7 9. Re1 Kh8 10. e4 fxe4 11. Nxe4 Nxe4 12. Rxe4 Nf6 13. Re1 h6 14. h3 g5 15.
Bd2 Qf7 16. b3 Bd7 17. Nh2 Bc6 18. Bc3 Bxg2 19. Kxg2 d5 20. f3 Bd6 21. g4 Ne4
22. Re3 Bxh2 23. Kxh2 Qf4+ 24. Kg2 Qg3+ 0-1

[Event "37. Copenhagen Open (Politiken Cup)"]
[Site "Elsinore"]
[Date "2015.07.26"]
[Round "2"]
[White "Schmidt, Kristen"]
[Black "Kaasen, Tor Fredrik"]
[Result "1-0"]
[WhiteElo "2254"]
[BlackElo "2026"]
[PlyCount "93"]
[EventDate "2015.07.25"]
[EventType "swiss"]
[EventRounds "10"]
[EventCountry "DEN"]
[Source "ChessBase"]
[SourceDate "2015.09.14"]

1. e4 c5 2. Nf3 e6 3. c3 Nf6 4. e5 Nd5 5. d4 cxd4 6. cxd4 Nc6 7. Bc4 Nb6 8. Bb5
Be7 9. Nc3 a6 10. Bd3 O-O 11. Qe2 d6 12. Qe4 g6 13. Bh6 Re8 14. Rd1 Nd7 15. h4
dxe5 16. dxe5 Qa5 17. Bf4 Nc5 18. Qe2 h5 19. Kf1 b5 20. Ne4 Nxd3 21. Rxd3 Qxa2
22. Bg5 Bb7 23. Nf6+ Bxf6 24. Bxf6 Ne7 25. Kg1 Nf5 26. Nd4 Nxd4 27. Rxd4 Bd5
28. Rh3 Rac8 29. Kh2 Kh7 30. Ra3 Qb1 31. Rxa6 Rc2 32. Rd2 Rc1 33. f3 Re1 34.
Qf2 Rf1 35. Qe3 Qe1 36. Qxe1 Rxe1 37. Ra7 Kg8 38. Rc2 Bc4 39. b3 Re2 40. Rc3
Bd5 41. Kg3 Rb2 42. Rcc7 Rxb3 43. Rxf7 Ra8 44. Rg7+ Kf8 45. Raf7+ Ke8 46. Re7+
Kf8 47. Rh7 1-0

[Event "37. Copenhagen Open (Politiken Cup)"]
[Site "Elsinore"]
[Date "2015.07.26"]
[Round "2"]
[White "Schmitt, Carsten1"]
[Black "Hoyer, Jacob K"]
[Result "0-1"]
[WhiteElo "1988"]
[BlackElo "2202"]
[PlyCount "72"]
[EventDate "2015.07.25"]
[EventType "swiss"]
[EventRounds "10"]
[EventCountry "DEN"]
[Source "ChessBase"]
[SourceDate "2015.09.14"]

1. c4 c5 2. g3 Nc6 3. Bg2 g6 4. Nc3 Bg7 5. a3 d6 6. Rb1 Bf5 7. e4 Bd7 8. Nge2
Qc8 9. Nf4 h5 10. h3 Nf6 11. b4 Nd4 12. b5 O-O 13. b6 e6 14. O-O axb6 15. Rxb6
Bc6 16. d3 Nd7 17. Rb1 Ra5 18. g4 hxg4 19. Qxg4 Qd8 20. h4 Ne5 21. Qg3 Qxh4 22.
Nce2 Nxe2+ 23. Nxe2 Qxg3 24. Nxg3 Nxd3 25. Rd1 Nxc1 26. Rbxc1 Bd4 27. Ne2 e5
28. Nxd4 cxd4 29. f4 f6 30. Rd3 Rfa8 31. Rg3 Kf7 32. c5 Rxc5 33. Rxc5 dxc5 34.
fxe5 fxe5 35. Rf3+ Kg7 36. Rg3 c4 0-1

[Event "37. Copenhagen Open (Politiken Cup)"]
[Site "Elsinore"]
[Date "2015.07.26"]
[Round "2"]
[White "Schou Moldt, Thomas"]
[Black "Mehringer, Joerg"]
[Result "1-0"]
[WhiteElo "2205"]
[BlackElo "1991"]
[PlyCount "139"]
[EventDate "2015.07.25"]
[EventType "swiss"]
[EventRounds "10"]
[EventCountry "DEN"]
[Source "ChessBase"]
[SourceDate "2015.09.14"]

1. Nf3 Nf6 2. g3 g6 3. Bg2 Bg7 4. O-O O-O 5. d4 d5 6. c4 c6 7. Nc3 dxc4 8. e3
Nbd7 9. a4 a5 10. Qe2 Nb6 11. e4 Bg4 12. Be3 Nfd7 13. Rfd1 Qc7 14. Rac1 Rad8
15. Qe1 f5 16. e5 e6 17. Ng5 Rde8 18. f3 Bh5 19. Bh3 h6 20. g4 f4 21. Bf2 hxg5
22. gxh5 gxh5 23. Qe4 Kf7 24. Bxe6+ Rxe6 25. Qf5+ Ke7 26. Qxg5+ Bf6 27. exf6+
Nxf6 28. Bh4 Kf7 29. Kh1 Rg8 30. Qf5 Nbd5 31. Nxd5 cxd5 32. Bxf6 Rxf6 33. Qxd5+
Kf8 34. Rxc4 Rc6 35. Rxc6 bxc6 36. Qf5+ Qf7 37. Qc8+ Qe8 38. Qf5+ Qf7 39. Qc5+
Qe7 40. Rc1 Rg6 41. Qxe7+ Kxe7 42. Re1+ Kd7 43. Re4 Rf6 44. Kg2 Kd6 45. Kh3 Kd5
46. Kh4 Kc4 47. Kg5 Rf8 48. h4 Kb3 49. Kxh5 Kxb2 50. Kg6 Kb3 51. h5 Rg8+ 52.
Kf7 Rh8 53. Re5 Kxa4 54. Kg7 Rd8 55. h6 Rxd4 56. Rf5 Rd1 57. h7 Rh1 58. Rf6
Rxh7+ 59. Kxh7 Kb5 60. Kg6 a4 61. Kf5 a3 62. Rf8 c5 63. Ra8 Kb4 64. Kxf4 c4 65.
Ke3 Kb3 66. Kd2 Kb2 67. Rb8+ Ka1 68. Kc2 c3 69. Ra8 a2 70. Rxa2+ 1-0

[Event "37. Copenhagen Open (Politiken Cup)"]
[Site "Elsinore"]
[Date "2015.07.26"]
[Round "2"]
[White "Schroeder, Jan Christian"]
[Black "Grove, Peter"]
[Result "1-0"]
[WhiteElo "2461"]
[BlackElo "2098"]
[PlyCount "103"]
[EventDate "2015.07.25"]
[EventType "swiss"]
[EventRounds "10"]
[EventCountry "DEN"]
[Source "ChessBase"]
[SourceDate "2015.09.14"]

1. e4 e6 2. d4 d5 3. Nd2 c5 4. Ngf3 cxd4 5. Nxd4 Nc6 6. Bb5 Bd7 7. Nxc6 Bxc6 8.
Bxc6+ bxc6 9. c4 Nf6 10. Qa4 Qd7 11. e5 Ng4 12. Nf3 Rb8 13. a3 Bc5 14. O-O O-O
15. b4 Bb6 16. h3 Nh6 17. Bxh6 gxh6 18. Rfe1 Kh8 19. c5 Bd8 20. Nd4 Rc8 21. Ra2
Rg8 22. Rae2 a5 23. Qc2 axb4 24. axb4 Qb7 25. Rb1 Qa6 26. Qc3 Ra8 27. Ree1 Be7
28. Rec1 Qc8 29. Qf3 Rg7 30. Ra1 Bg5 31. Rd1 Rb8 32. Ra7 Rb7 33. Rda1 Rg8 34.
R1a6 f5 35. Qa3 Rxa7 36. Rxa7 Bf4 37. Re7 Rg6 38. Ra7 Rg8 39. Re7 Rg6 40. Nf3
Qg8 41. Nh4 Rg7 42. Rxg7 Kxg7 43. Nf3 Qb8 44. Qc3 Kf7 45. g3 Bg5 46. Qa3 Qb7
47. h4 Be7 48. Nd4 Qc7 49. Qe3 Bf8 50. g4 fxg4 51. Qf4+ Kg8 52. Qxf8+ 1-0

[Event "37. Copenhagen Open (Politiken Cup)"]
[Site "Elsinore"]
[Date "2015.07.26"]
[Round "2"]
[White "Semcesen, Daniel"]
[Black "Subramanian, Aditya"]
[Result "1-0"]
[WhiteElo "2437"]
[BlackElo "1942"]
[PlyCount "58"]
[EventDate "2015.07.25"]
[EventType "swiss"]
[EventRounds "10"]
[EventCountry "DEN"]
[Source "ChessBase"]
[SourceDate "2015.09.14"]

1. c4 Nf6 2. Nc3 e6 3. e4 d5 4. e5 d4 5. exf6 dxc3 6. bxc3 Qxf6 7. d4 e5 8. Nf3
exd4 9. Bg5 Qe6+ 10. Be2 d3 11. O-O Be7 12. Bxe7 Qxe7 13. Bxd3 O-O 14. Re1 Be6
15. Qb1 h6 16. Qxb7 Nd7 17. Qxc7 Rfc8 18. Qf4 Qc5 19. h3 Rab8 20. Rad1 Qa3 21.
Ne5 Nxe5 22. Rxe5 Qxc3 23. Qe3 Qb2 24. Qe4 g6 25. Rxe6 fxe6 26. Qxe6+ Kh8 27.
Bxg6 Rf8 28. Qe3 Qg7 29. Be4 Rbe8 1-0

[Event "37. Copenhagen Open (Politiken Cup)"]
[Site "Elsinore"]
[Date "2015.07.26"]
[Round "2"]
[White "Shehzad, Kasher"]
[Black "Rasmussen, Jonas H"]
[Result "0-1"]
[WhiteElo "1563"]
[BlackElo "1852"]
[PlyCount "80"]
[EventDate "2015.07.25"]
[EventType "swiss"]
[EventRounds "10"]
[EventCountry "DEN"]
[Source "ChessBase"]
[SourceDate "2015.09.14"]

1. e4 e5 2. Nf3 Nc6 3. Bc4 Bc5 4. c3 Nf6 5. d4 exd4 6. cxd4 Bb4+ 7. Bd2 Bxd2+
8. Nbxd2 d6 9. Qb3 O-O 10. Bd3 Nh5 11. O-O Nf4 12. Rfe1 Re8 13. Bc4 Qf6 14. e5
dxe5 15. dxe5 Qe7 16. Qe3 Ng6 17. Bb5 Bd7 18. Nc4 Ncxe5 19. Bxd7 Nxf3+ 20. Kh1
Nxe1 21. Bxe8 Rxe8 22. Rxe1 Kf8 23. g3 Qd7 24. Qc5+ Kg8 25. Rxe8+ Qxe8 26. Qxc7
Qe4+ 27. Kg1 h6 28. Nd6 Qf3 29. Nxb7 Qd1+ 30. Kg2 Qd5+ 31. Kg1 Qxa2 32. Nd6 Qd5
33. Nc8 Qe4 34. Nxa7 Ne5 35. h4 Nf3+ 36. Kf1 Nd2+ 37. Kg1 Qe1+ 38. Kh2 Qxf2+
39. Kh3 Qf1+ 40. Kg4 Qf3+ 0-1

[Event "37. Copenhagen Open (Politiken Cup)"]
[Site "Elsinore"]
[Date "2015.07.26"]
[Round "2"]
[White "Simensen, Vegard"]
[Black "Loveid, Erik"]
[Result "1-0"]
[WhiteElo "1859"]
[BlackElo "1559"]
[PlyCount "127"]
[EventDate "2015.07.25"]
[EventType "swiss"]
[EventRounds "10"]
[EventCountry "DEN"]
[Source "ChessBase"]
[SourceDate "2015.09.14"]

1. c4 d6 2. g3 e5 3. Bg2 f5 4. Nc3 Nf6 5. d3 Be7 6. Nf3 O-O 7. O-O c6 8. Rb1
Na6 9. b4 Bd7 10. b5 Nc5 11. Ba3 Ne6 12. e3 Qe8 13. bxc6 Bxc6 14. Nb5 Bxb5 15.
Rxb5 Rb8 16. Qb3 b6 17. c5 d5 18. Nxe5 Nxc5 19. Bxc5 Bxc5 20. Bxd5+ Nxd5 21.
Qxd5+ Kh8 22. Nc6 Rc8 23. Nd4 Bxd4 24. exd4 Rd8 25. Qc4 Rxd4 26. Qxd4 Qxb5 27.
Re1 Re8 28. Rc1 Kg8 29. Rc7 Qe5 30. Qxe5 Rxe5 31. Rxa7 Rd5 32. Ra3 Kf7 33. Kf1
Re5 34. Rb3 b5 35. Kg2 g5 36. Kf3 Ke6 37. Rb4 g4+ 38. Kg2 Re2 39. Rxb5 Rxa2 40.
Rb7 Rd2 41. Rxh7 Rxd3 42. h3 gxh3+ 43. Rxh3 Rd2 44. Rh4 Rc2 45. Rf4 Rd2 46. Kh3
Rd1 47. Kh4 Rh1+ 48. Kg5 Rh8 49. Rxf5 Rg8+ 50. Kf4 Rd8 51. g4 Rd4+ 52. Kg5 Rd8
53. Rf6+ Ke7 54. f4 Rd5+ 55. f5 Rd8 56. Rg6 Kf7 57. Ra6 Rd7 58. Rh6 Rd5 59.
Rh7+ Kg8 60. Rc7 Kh8 61. Kg6 Rd8 62. f6 Kg8 63. Rg7+ Kh8 64. Rh7+ 1-0

[Event "37. Copenhagen Open (Politiken Cup)"]
[Site "Elsinore"]
[Date "2015.07.26"]
[Round "2"]
[White "Ski, Alexander K"]
[Black "Jensen, Tommy"]
[Result "0-1"]
[WhiteElo "1445"]
[BlackElo "1821"]
[PlyCount "46"]
[EventDate "2015.07.25"]
[EventType "swiss"]
[EventRounds "10"]
[EventCountry "DEN"]
[Source "ChessBase"]
[SourceDate "2015.09.14"]

1. e4 e5 2. Nf3 d6 3. Nc3 Nf6 4. Be2 Be7 5. O-O O-O 6. d3 c5 7. Bg5 Be6 8. Qd2
Nc6 9. a3 a6 10. Rab1 b5 11. b4 cxb4 12. axb4 Qc7 13. Bxf6 Bxf6 14. Ng5 Bxg5
15. Qxg5 Nd4 16. Qd2 Rfc8 17. Rb2 Qxc3 18. Qxc3 Nxe2+ 19. Kh1 Rxc3 20. Re1 Nd4
21. Rc1 Rac8 22. Ra1 Rxc2 23. Rbb1 Nb3 0-1

[Event "37. Copenhagen Open (Politiken Cup)"]
[Site "Elsinore"]
[Date "2015.07.26"]
[Round "2"]
[White "Ski, Jonathan K"]
[Black "Larsen, Preben R"]
[Result "1/2-1/2"]
[WhiteElo "1549"]
[BlackElo "1808"]
[PlyCount "99"]
[EventDate "2015.07.25"]
[EventType "swiss"]
[EventRounds "10"]
[EventCountry "DEN"]
[Source "ChessBase"]
[SourceDate "2015.09.14"]

1. d4 d5 2. Nf3 c6 3. Bf4 Nf6 4. e3 Bf5 5. c4 dxc4 6. Bxc4 e6 7. O-O Bd6 8.
Bxd6 Qxd6 9. Nbd2 Nbd7 10. Qb3 Nb6 11. Bd3 Bg6 12. Nc4 Nxc4 13. Bxc4 Qe7 14.
Ne5 Ne4 15. Rad1 O-O 16. Nxg6 hxg6 17. Bd3 Nf6 18. h3 Rfd8 19. Be2 Rd5 20. Rfe1
Rad8 21. Qc2 Qd7 22. a3 Qe7 23. Qb3 Ne4 24. Bf3 Rb5 25. Qc2 Ng5 26. Be2 Rbd5
27. Bc4 R5d6 28. f4 Nh7 29. b4 Nf6 30. Be2 Nd5 31. Bf3 g5 32. Bxd5 Rxd5 33. Qe4
gxf4 34. Qxf4 e5 35. Qf2 exd4 36. exd4 Qd7 37. Re4 b6 38. Rde1 Rxd4 39. Re7 Qd5
40. Rxa7 Rd2 41. Re2 Rxe2 42. Qxe2 Qd1+ 43. Qxd1 Rxd1+ 44. Kf2 Rc1 45. Ra6 b5
46. Kf3 Kf8 47. Ra7 Ke8 48. Kf2 Rd1 49. Ke2 Rg1 50. Kf2 1/2-1/2